Účtovné zásady vs. kvalitatívne charakteristiky účtovných informácií
Účtovná závierka. Informácie prezentované účtovnou závierkou musia spĺňať určite kvalitatívne charakteristiky. Výklad pojmov účtovné zásady a kvalitatívne charakteristiky účtovných informácií.
Na minha lista:
| Autor principal: | |
|---|---|
| Formato: | Capítulo de Livro |
| Idioma: | eslovaco |
| Assuntos: | |
| Tags: |
Sem tags, seja o primeiro a adicionar uma tag!
|
MARC
| LEADER | 00000naa$a2200000$$$4500 | ||
|---|---|---|---|
| 001 | 0094608 | ||
| 005 | 20240502072043.3 | ||
| 041 | 0 | |a slo | |
| 044 | |a SK | ||
| 245 | 1 | 0 | |a Účtovné zásady vs. kvalitatívne charakteristiky účtovných informácií |c Miriama Blahušiaková |
| 520 | |a Účtovná závierka. Informácie prezentované účtovnou závierkou musia spĺňať určite kvalitatívne charakteristiky. Výklad pojmov účtovné zásady a kvalitatívne charakteristiky účtovných informácií. | ||
| 610 | 2 | 0 | |a závierka účtovná |
| 610 | 2 | 0 | |a informácie ekonomické |
| 610 | 2 | 0 | |a kvalita |
| 610 | 2 | 0 | |a teórie ekonomické |
| 610 | 2 | 0 | |a pojmy |
| 100 | 1 | |a Blahušiaková, Miriama, 1980- | |